Catálogo
 En Linea

Telésforo A. Isaac : (Registro nro. 52790)

Detalles MARC
000 -CABECERA
campo de control de longitud fija 00724nam a2200229 a 4500
001 - NÚMERO DE CONTROL
campo de control 000002679
003 - IDENTIFICADOR DEL NÚMERO DE CONTROL
campo de control DO-SdBNP
005 - FECHA Y HORA DE LA ÚLTIMA TRANSACCIÓN
campo de control 20240305082246.0
007 - CAMPO FIJO DE DESCRIPCIÓN FÍSICA--INFORMACIÓN GENERAL
campo de control de longitud fija ta
008 - DATOS DE LONGITUD FIJA--INFORMACIÓN GENERAL
campo de control de longitud fija 090703s2016 dr ac 000 0 spa d
040 ## - FUENTE DE LA CATALOGACIÓN
Centro catalogador/agencia de origen DO-SdBNP
Lengua de catalogación spa
Centro/agencia transcriptor BNPHU
082 ## - NÚMERO DE LA CLASIFICACIÓN DECIMAL DEWEY
Número de clasificación xxx
Número de documento/Ítem T269P
100 1# - ENTRADA PRINCIPAL--NOMBRE DE PERSONA
Nombre de persona Pimentel Muñoz, José,
Fechas asociadas al nombre 1949-
9 (RLIN) 8443
245 10 - MENCIÓN DE TÍTULO
Título Telésforo A. Isaac :
Resto del título vivencias de un pastor epíscopal /anglicano. /
Mención de responsabilidad, etc. José Pimentel Muñoz
260 ## - PUBLICACIÓN, DISTRIBUCIÓN, ETC.
Lugar de publicación, distribución, etc. Santo Domingo :
Nombre del editor, distribuidor, etc. José Pimentel Muñoz ,
Fecha de publicación, distribución, etc. 2016.
300 ## - DESCRIPCIÓN FÍSICA
Extensión 157 p. :
Otras características físicas il., retrs. ;
Dimensiones 24 cm.
590 ## - NOTA LOCAL (RLIN)
Nota local Inventariado, 2022 / DG
600 14 - PUNTO DE ACCESO ADICIONAL DE MATERIA--NOMBRE DE PERSONA
Nombre de persona HAZIM AZAR, JOSÉ,
Fechas asociadas al nombre 1913-
9 (RLIN) 8444
700 1# - PUNTO DE ACCESO ADICIONAL--NOMBRE DE PERSONA
Nombre de persona Pérez Memén, Fernando,
Fechas asociadas al nombre 1943-
9 (RLIN) 38744
910 ## - DATOS DE OPCIÓN DEL USUARIO (OCLC)
Datos de opción del usuario DG
942 ## - ELEMENTOS DE PUNTO DE ACCESO ADICIONAL (KOHA)
Fuente del sistema de clasificación o colocación Dewey Decimal Classification
Tipo de ítem Koha Libro
Existencias
Estado de retiro Estado de pérdida Fuente del sistema de clasificación o colocación Restricciones de uso No para préstamo Código de colección Localización permanente Ubicación/localización actual Ubicación en estantería Fecha de adquisición Total de préstamos Signatura topográfica completa Código de barras Fecha visto por última vez Precio válido a partir de Tipo de ítem Koha
    Dewey Decimal Classification Excluido de préstamo   Patrimonio Dominicano Biblioteca Nacional Pedro Henríquez Ureña Biblioteca Nacional Pedro Henríquez Ureña En catalogación 04.11.2022   xxx T269P 2022-4930 04.11.2022 04.11.2022 Libro

Con tecnología Koha